000 00519nam a2200193 a 4500
001 1769763990960
003 YourLibrary
005 20260131161943.0
008 260130s2010##################000#0#eng##
020 _a9780199575046
082 0 4 _a331.892
_bBAR
100 1 _aBarron, Hester,
_eauthor.
245 1 0 _aThe 1926 Miners' Lockout :
260 _bOxford University Press, USA,
_c2010.
300 _a331 pages
650 0 _aBusiness & Economics.
942 _cENGLISH
040 _aYourLibrary
_beng
_cYourLibrary
999 _c609518
_d609518